Decisions and revision: (Record no. 123994)

MARC details
000 -LEADER
fixed length control field 00625nam a2200217Ia 4500
003 - CONTROL NUMBER IDENTIFIER
control field OSt
005 - DATE AND TIME OF LATEST TRANSACTION
control field 20251218113958.0
008 - FIXED-LENGTH DATA ELEMENTS--GENERAL INFORMATION
fixed length control field 220917b |||||||| |||| 00| 0 eng d
020 ## - INTERNATIONAL STANDARD BOOK NUMBER
International Standard Book Number 0521254574 (hbk)
037 ## - SOURCE OF ACQUISITION
Terms of availability TB
040 ## - CATALOGING SOURCE
Original cataloging agency ARTS
Transcribing agency ARTS
Language of cataloging eng
041 ## - LANGUAGE CODE
Source of code eng
Language code of text/sound track or separate title eng
084 ## - COLON CLASSIFICATION NUMBER
Classification number R2xN30 M4
Assigning agency AL
100 ## - MAIN ENTRY--PERSONAL NAME
Personal name Levi, Isaac
9 (RLIN) 18061
245 #0 - TITLE STATEMENT
Title Decisions and revision:
Remainder of title Philosophical essays on .....
260 ## - PUBLICATION, DISTRIBUTION, ETC.
Place of publication, distribution, etc. Cambridge, UK:
Name of publisher, distributor, etc. Cambridge Univ. Press,
Date of publication, distribution, etc. 1984.
300 ## - PHYSICAL DESCRIPTION
Extent xv, 293p
Dimensions cm.
650 ## - SUBJECT ADDED ENTRY--TOPICAL TERM
Topical term or geographic name entry element PHILOSOPHY
9 (RLIN) 855914
942 ## - ADDED ENTRY ELEMENTS (KOHA)
Classification part R2x30 M4
Koha item type Textbook
Source of classification or shelving scheme Colon Classification (CC)
Suppress in OPAC No
Holdings
Withdrawn status Lost status Source of classification or shelving scheme Damaged status Not for loan Home library Current library Date acquired Total Checkouts Full call number Barcode Date last seen Price effective from Koha item type
    Colon Classification (CC)     Arts Library Arts Library 2022-09-18   R2x30 M4 AL0893992 2022-09-18 2022-09-18 Textbook
Copyright @ Delhi University Library System